[Event "Muensterland Verbandsklasse-A 0506"]
[Site "Germany"]
[Date "2006.01.21"]
[Round "5.7"]
[White "Sicking, Norbert"]
[Black "Michaelis, Ernst"]
[Result "0-1"]
[WhiteElo "1760"]
[BlackElo "1755"]
[PlyCount "96"]
[EventDate "2005.09.03"]
[EventType "team-tourn"]
[EventRounds "9"]
[EventCountry "GER"]
[SourceTitle "EXT 2006"]
[Source "ChessBase"]
[SourceDate "2005.11.24"]
[SourceVersion "1"]
[SourceVersionDate "2005.11.24"]
[SourceQuality "1"]
[WhiteTeam "Heiden II"]
[BlackTeam "Muenster Indische Dame"]
[WhiteTeamCountry "GER"]
[BlackTeamCountry "GER"]

1. Nf3 Nf6 2. d4 g6 3. g3 Bg7 4. Bg2 d6 5. 0-0 0-0 6. c3 Nbd7 7. Nbd2 Re8 8. e4 e5 9. Re1 c6 10. dxe5 dxe5 11. Nc4 Qc7 12. Bg5 h6 13. Bd2 Nb6 14. Na3 Be6 15. Qc1 Kh7 16. b3 Rad8 17. c4 Nbd7 18. Bc3 Nh5 19. h3 Nc5 20. Qc2 Rd7 21. Rad1 Red8 22. Rxd7 Rxd7 23. Nh2 Qd8 24. Nf3 f6 25. Nb1 Bf7 26. Re3 Bf8 27. Bf1 Ne6 28. Rd3 Bc5 29. Rxd7 Qxd7 30. Kg2 Qd6 31. Qd2 Bd4 32. b4 c5 33. Nxd4 cxd4 34. Bb2 Qc6 35. Bd3 b6 36. f3 Qc8 37. h4 g5 38. Bc1 Qf8 39. hxg5 fxg5 40. Qe1 Kg7 41. Kf2 g4 42. Qh1 gxf3 43. Qxf3 Bg6 44. Na3 Qe7 45. Bd2 Ng5 46. Bxg5 Qxg5 47. Nb1 Nf6 48. Ke2 Bh5 0-1

[Event "Muensterland Verbandsklasse-A 0506"]
[Site "Germany"]
[Date "2005.12.10"]
[Round "4.6"]
[White "Silies, Juergen"]
[Black "Michaelis, Ernst"]
[Result "1/2-1/2"]
[WhiteElo "1722"]
[BlackElo "1755"]
[PlyCount "131"]
[EventDate "2005.09.03"]
[EventType "team-tourn"]
[EventRounds "9"]
[EventCountry "GER"]
[SourceTitle "EXT 2006"]
[Source "ChessBase"]
[SourceDate "2005.11.24"]
[SourceVersion "1"]
[SourceVersionDate "2005.11.24"]
[SourceQuality "1"]
[WhiteTeam "Ibbenbueren"]
[BlackTeam "Muenster Indische Dame"]
[WhiteTeamCountry "GER"]
[BlackTeamCountry "GER"]

1. f4 Nc6 2. Nf3 d5 3. b3 Nf6 4. Bb2 Bf5 5. e3 e6 6. Bb5 a6 7. Bxc6+ bxc6 8. 0-0 c5 9. d3 Bd6 10. Qe1 Be7 11. Ne5 Qd6 12. Nd2 Nd7 13. e4 Bg6 14. Nxg6 hxg6 15. Bxg7 Rh7 16. Bb2 0-0-0 17. e5 Qc6 18. Nf3 Rdh8 19. h3 Nb6 20. Rd1 Qe8 21. a4 Rh5 22. Ba3 d4 23. Qa5 Nd5 24. Qxa6+ Kb8 25. Bc1 Nc3 26. Rde1 Qd7 27. Bd2 Nd5 28. Rb1 c6 29. b4 cxb4 30. Nxd4 Bc5 31. c3 Nxc3 32. Bxc3 Bxd4+ 33. Bxd4 Qxd4+ 34. Kh2 c5 35. Qb5+ Ka7 36. Rbc1 Rc8 37. Rf3 Rhh8 38. Rff1 Rhe8 39. Qa5+ Kb7 40. Rf3 Re7 41. Rc4 Qd5 42. Qb5+ Ka8 43. d4 Rb7 44. Qa6+ Kb8 45. dxc5 Rxc5 46. Rxc5 Qxc5 47. Rb3 Qd4 48. Qf1 Qd7 49. Qa1 Qd5 50. Qb2 Qe4 51. Qd2 Ka7 52. h4 Ka6 53. g3 Ka5 54. Qd1 Rc7 55. Rb2 Qc4 56. Qd8 Qc6 57. Qb8 Qc5 58. Rxb4 Qc2+ 59. Kh3 Qf5+ 60. Kh2 Rc2+ 61. Kg1 Rc1+ 62. Kh2 Qc2+ 63. Kh3 Qf5+ 64. Kh2 Qc2+ 65. Kh3 Rh1+ 66. Kg4 1/2-1/2

[Event "Muensterland Verbandsklasse-A 0405"]
[Site "Muensterland"]
[Date "2005.02.12"]
[Round "6.6"]
[White "Colmer, Willi"]
[Black "Michaelis, Ernst"]
[Result "0-1"]
[WhiteElo "1832"]
[BlackElo "1742"]
[PlyCount "72"]
[EventDate "2004.09.11"]
[EventType "team-tourn"]
[EventRounds "9"]
[EventCountry "GER"]
[SourceTitle "EXT 2006"]
[Source "ChessBase"]
[SourceDate "2005.11.24"]
[SourceVersion "1"]
[SourceVersionDate "2005.11.24"]
[SourceQuality "1"]
[WhiteTeam "Emsdetten"]
[BlackTeam "Muenster Indische Dame"]
[WhiteTeamCountry "GER"]
[BlackTeamCountry "GER"]

1. d4 Nf6 2. c4 g6 3. Nc3 Bg7 4. e4 d6 5. Nf3 0-0 6. h3 Nbd7 7. Be3 e5 8. d5 Nh5 9. Nh2 Nhf6 10. Be2 Nc5 11. Bf3 a5 12. Qd2 Bd7 13. Ng4 Ne8 14. Nh6+ Kh8 15. g4 Qc8 16. h4 f6 17. h5 g5 18. Nf5 Rf7 19. 0-0-0 h6 20. Nb5 Bf8 21. b3 Qb8 22. Kb2 Bxf5 23. gxf5 c6 24. Nc3 a4 25. Bxc5 dxc5 26. Nxa4 b5 27. cxb5 cxb5 28. Nc3 Nd6 29. Kc2 Rfa7 30. Rb1 b4 31. Na4 Nb5 32. Kd3 Nd4 33. Ke3 c4 34. Bd1 c3 35. Qd3 Rc7 36. Bc2 Qa7 0-1

[Event "Muensterland Verbandsklasse-A 0405"]
[Site "Muensterland"]
[Date "2004.10.02"]
[Round "2.5"]
[White "Binger, Friedhelm"]
[Black "Michaelis, Ernst"]
[Result "0-1"]
[WhiteElo "1848"]
[BlackElo "1762"]
[PlyCount "108"]
[EventDate "2004.09.11"]
[EventType "team-tourn"]
[EventRounds "9"]
[EventCountry "GER"]
[SourceTitle "EXT 2006"]
[Source "ChessBase"]
[SourceDate "2005.11.24"]
[SourceVersion "1"]
[SourceVersionDate "2005.11.24"]
[SourceQuality "1"]
[WhiteTeam "Gronau"]
[BlackTeam "Muenster Indische Dame"]
[WhiteTeamCountry "GER"]
[BlackTeamCountry "GER"]

1. e4 c5 2. Nf3 d6 3. d4 cxd4 4. Nxd4 Nf6 5. Nc3 a6 6. Be2 e5 7. Nb3 Be7 8. 0-0 0-0 9. f4 Qc7 10. f5 b5 11. a3 Bb7 12. Bf3 Nbd7 13. Be3 Rad8 14. Qe2 Nb6 15. Nd2 d5 16. Bxb6 Qxb6+ 17. Kh1 d4 18. Nd1 Rc8 19. Rc1 Rfd8 20. Nf2 Rc7 21. Nd3 Bd6 22. Rfe1 Rdc8 23. Nf1 a5 24. Ng3 b4 25. axb4 axb4 26. b3 Ba6 27. Qd2 Nd7 28. Be2 h6 29. Bf1 Be7 30. Be2 Rc3 31. Nb2 Bg5 32. Qd1 Bxc1 33. Na4 Qa7 34. Bxa6 Qxa6 35. Nxc3 Bg5 36. Nd5 Qd6 37. Nf1 Nb6 38. Nxb6 Qxb6 39. Qd3 Rc3 40. Qd1 Qc5 41. Qa1 Rxc2 42. Qa8+ Kh7 43. Qe8 Qc7 44. Qb5 Qc3 45. Rd1 Qxb3 46. Qxe5 d3 47. h4 Bf6 48. Qg3 Rc3 49. Rd2 Rc1 50. Rf2 Qb1 51. Qf4 Bxh4 52. Qxh4 Rxf1+ 53. Rxf1 Qxf1+ 54. Kh2 d2 0-1

[Event "Muensterland Verbandsklasse-A 0405"]
[Site "Muensterland"]
[Date "2004.09.11"]
[Round "1.6"]
[White "Teupe, Ulrich"]
[Black "Michaelis, Ernst"]
[Result "1/2-1/2"]
[WhiteElo "1946"]
[BlackElo "1762"]
[PlyCount "71"]
[EventDate "2004.09.11"]
[EventType "team-tourn"]
[EventRounds "9"]
[EventCountry "GER"]
[SourceTitle "EXT 2006"]
[Source "ChessBase"]
[SourceDate "2005.11.24"]
[SourceVersion "1"]
[SourceVersionDate "2005.11.24"]
[SourceQuality "1"]
[WhiteTeam "Nordwalde"]
[BlackTeam "Muenster Indische Dame"]
[WhiteTeamCountry "GER"]
[BlackTeamCountry "GER"]

1. d4 Nf6 2. Nf3 g6 3. g3 Bg7 4. Bg2 d6 5. 0-0 0-0 6. b3 Nbd7 7. Bb2 Re8 8. Re1 c6 9. e4 e5 10. dxe5 dxe5 11. Nbd2 b5 12. Qe2 Qb6 13. c4 a5 14. cxb5 cxb5 15. Bf1 Ba6 16. Rac1 Bh6 17. Rc2 Qb8 18. Rd1 Nb6 19. Rc6 Nfd7 20. Qd3 Bb7 21. Rc2 b4 22. h4 Ba6 23. Nc4 Bxc4 24. bxc4 Bf8 25. Ng5 f6 26. c5 Nxc5 27. Rxc5 Bxc5 28. Qb3+ Kh8 29. Bxe5 fxe5 30. Bb5 Re7 31. Bc6 Bd4 32. Bxa8 Qxa8 33. Qf3 Kg7 34. Rc1 Qe8 35. h5 h6 36. Nh3 1/2-1/2

[Event "Muensterland Verbandsklasse-B 0203"]
[Site "Muensterland"]
[Date "2003.05.03"]
[Round "9.4"]
[White "Michaelis, Ernst"]
[Black "Koetting, Hans Erich"]
[Result "1-0"]
[WhiteElo "1845"]
[BlackElo "1907"]
[PlyCount "41"]
[EventDate "2002.09.28"]
[EventType "team-tourn"]
[EventRounds "9"]
[EventCountry "GER"]
[SourceTitle "EXT 2004"]
[Source "ChessBase"]
[SourceDate "2003.11.25"]
[SourceVersion "1"]
[SourceVersionDate "2003.11.25"]
[SourceQuality "1"]
[WhiteTeam "Westbevern II"]
[BlackTeam "Duelmen"]
[WhiteTeamCountry "GER"]
[BlackTeamCountry "GER"]

1. e4 d6 2. d4 Nf6 3. Nc3 g6 4. f4 Bg7 5. Nf3 0-0 6. Bd3 Bg4 7. h3 Bxf3 8. Qxf3 Nc6 9. Be3 e5 10. fxe5 dxe5 11. d5 Nd4 12. Qf2 c6 13. dxc6 Nxc6 14. 0-0 Nd4 15. Bg5 Qb6 16. Bxf6 Bxf6 17. Nd5 Bh4 18. Qxh4 Nf3+ 19. Kh1 Nxh4 20. Nxb6 axb6 21. g3 1-0

[Event "Muensterland Verbandsklasse-B 0203"]
[Site "Muensterland"]
[Date "2003.04.05"]
[Round "8.4"]
[White "Zoern, Friedrich"]
[Black "Michaelis, Ernst"]
[Result "0-1"]
[WhiteElo "1809"]
[BlackElo "1845"]
[PlyCount "120"]
[EventDate "2002.09.28"]
[EventType "team-tourn"]
[EventRounds "9"]
[EventCountry "GER"]
[SourceTitle "EXT 2004"]
[Source "ChessBase"]
[SourceDate "2003.11.25"]
[SourceVersion "1"]
[SourceVersionDate "2003.11.25"]
[SourceQuality "1"]
[WhiteTeam "Muenster SK IV"]
[BlackTeam "Westbevern II"]
[WhiteTeamCountry "GER"]
[BlackTeamCountry "GER"]

1. e4 c5 2. f4 d6 3. Nf3 a6 4. c4 Nf6 5. Nc3 e6 6. Be2 d5 7. e5 Ne4 8. Qb3 Nxc3 9. bxc3 Be7 10. 0-0 0-0 11. d4 dxc4 12. Bxc4 b5 13. Be2 c4 14. Qc2 Bb7 15. a4 Nd7 16. Ba3 Nb6 17. Bxe7 Qxe7 18. axb5 axb5 19. Rab1 Nd5 20. Ng5 g6 21. Rf3 h6 22. Ne4 Ra5 23. Nc5 Bc6 24. Qd2 Kg7 25. Rh3 Rh8 26. Bf3 Qa7 27. Rb2 Ra1+ 28. Kf2 Ra3 29. Bxd5 exd5 30. f5 g5 31. Qe2 Qc7 32. Qh5 Be8 33. Qe2 Qb6 34. e6 f6 35. g4 Qd6 36. Kg2 Qf4 37. e7 Bf7 38. e8Q Rxe8 39. Qxe8 Qxg4+ 40. Rg3 Qxg3+ 41. hxg3 Bxe8 42. Ne6+ Kf7 43. Rc2 Bd7 44. Nc7 Bxf5 45. Nxb5 Be4+ 46. Kf2 Bxc2 47. Nxa3 Bd3 48. Nb5 f5 49. Nd6+ Ke6 50. Nb7 h5 51. Nc5+ Kd6 52. Ke3 Bc2 53. Kf3 Be4+ 54. Ke3 h4 55. gxh4 f4+ 56. Kf2 gxh4 57. Kg1 f3 58. Kf2 h3 59. Kg3 f2 60. Kxf2 h2 0-1

[Event "Wch Seniors 13th"]
[Site "Bad Zwischenahn"]
[Date "2003.??.??"]
[Round "?"]
[White "Michaelis, Ernst"]
[Black "Heimberg, Guenter"]
[Result "1-0"]
[WhiteElo "1820"]
[BlackElo "1665"]
[PlyCount "78"]
[EventDate "2003.11.16"]
[EventType "swiss"]
[EventRounds "11"]
[EventCountry "GER"]
[SourceTitle "CBM 097 Extra"]
[Source "ChessBase"]
[SourceDate "2004.01.13"]
[SourceVersion "1"]
[SourceVersionDate "2004.01.13"]
[SourceQuality "1"]

1. e4 e6 2. d4 d5 3. e5 c5 4. c3 cxd4 5. cxd4 Bb4+ 6. Nc3 Ne7 7. a3 Bxc3+ 8. bxc3 Bd7 9. Nf3 Qa5 10. Bd2 Qa4 11. Qb1 Qc6 12. Bd3 Qc7 13. 0-0 Nbc6 14. Rc1 Rb8 15. Ng5 h6 16. Nh3 Qd8 17. Qc2 Rc8 18. Qd1 Ng6 19. g3 Nce7 20. Nf4 0-0 21. Nxg6 fxg6 22. Qg4 Qe8 23. Qh3 Kh7 24. f4 Kg8 25. g4 h5 26. gxh5 gxh5 27. Be2 g6 28. Kh1 Rf7 29. Rg1 Rg7 30. Rg5 Rh7 31. Rag1 Kh8 32. Bd3 Rg7 33. Bxg6 Nxg6 34. Qxh5+ Rh7 35. Qg4 Ne7 36. Rg3 Nf5 37. Rh3 Nh6 38. Qh4 Bb5 39. Qxh6 Rcc7 1-0

[Event "Wch Seniors 13th"]
[Site "Bad Zwischenahn"]
[Date "2003.??.??"]
[Round "?"]
[White "Michaelis, Ernst"]
[Black "Klein, Manfred"]
[Result "0-1"]
[WhiteElo "1820"]
[BlackElo "2135"]
[PlyCount "80"]
[EventDate "2003.11.16"]
[EventType "swiss"]
[EventRounds "11"]
[EventCountry "GER"]
[SourceTitle "CBM 097 Extra"]
[Source "ChessBase"]
[SourceDate "2004.01.13"]
[SourceVersion "1"]
[SourceVersionDate "2004.01.13"]
[SourceQuality "1"]

1. e4 c5 2. Nf3 d6 3. c3 Nf6 4. Bd3 Nc6 5. Bc2 Bg4 6. d3 g6 7. Nbd2 Bg7 8. h3 Bxf3 9. Nxf3 0-0 10. 0-0 b5 11. d4 Nd7 12. d5 Nce5 13. Nxe5 Nxe5 14. Qe2 c4 15. Be3 Nd7 16. Bd4 Qc7 17. Bxg7 Kxg7 18. f4 Rab8 19. a3 a5 20. Kh2 Qc5 21. Rfd1 Nb6 22. Qf3 b4 23. axb4 axb4 24. Rdb1 b3 25. Bd1 Ra8 26. Be2 Ra2 27. Rxa2 bxa2 28. Ra1 Ra8 29. Bd1 Nd7 30. b4 cxb3 31. Bxb3 Ra3 32. Qd1 Qxc3 33. Bxa2 Nc5 34. Qb1 Nb3 35. Bxb3 Rxa1 36. Qc2 Qd4 37. Qe2 Qg1+ 38. Kg3 Re1 39. Qc2 Re3+ 40. Kg4 h5+ 0-1

[Event "GER North-ch Seniors 5th"]
[Site "Bad Bevensen"]
[Date "2002.06.26"]
[Round "5"]
[White "Michaelis, Ernst"]
[Black "Eickhoff, Hermann"]
[Result "1-0"]
[WhiteElo "1872"]
[BlackElo "2068"]
[PlyCount "45"]
[EventDate "2002.06.??"]
[EventType "swiss"]
[EventRounds "9"]
[EventCountry "GER"]
[SourceTitle "EXT 2006"]
[Source "ChessBase"]
[SourceDate "2005.11.24"]
[SourceVersion "1"]
[SourceVersionDate "2005.11.24"]
[SourceQuality "1"]

1. e4 c5 2. Nf3 d6 3. c3 Nf6 4. Bd3 Nc6 5. Bc2 g6 6. d3 Bg7 7. Nbd2 0-0 8. Nf1 a6 9. Ng3 Bg4 10. h3 Bxf3 11. Qxf3 Ne5 12. Qe2 Rc8 13. f4 Nc6 14. 0-0 e6 15. Be3 Nd7 16. f5 exf5 17. exf5 d5 18. fxg6 hxg6 19. Qd2 d4 20. Bh6 Qh4 21. Bxg7 Kxg7 22. Qf2 f5 23. Nxf5+ 1-0

[Event "GER North-ch Seniors 5th"]
[Site "Bad Bevensen"]
[Date "2002.06.23"]
[Round "2"]
[White "Michaelis, Ernst"]
[Black "Jentsch, Dieter"]
[Result "0-1"]
[WhiteElo "1872"]
[BlackElo "2274"]
[PlyCount "58"]
[EventDate "2002.06.??"]
[EventType "swiss"]
[EventRounds "9"]
[EventCountry "GER"]
[SourceTitle "EXT 2006"]
[Source "ChessBase"]
[SourceDate "2005.11.24"]
[SourceVersion "1"]
[SourceVersionDate "2005.11.24"]
[SourceQuality "1"]

1. e4 e6 2. d4 d5 3. e5 c5 4. c3 Nc6 5. Nf3 Qb6 6. a3 c4 7. Be2 f6 8. 0-0 fxe5 9. Nxe5 Bd6 10. f4 Nxe5 11. fxe5 Bxe5 12. Nd2 Nf6 13. Kh1 Bd6 14. Bh5+ Kd8 15. Bf3 Bd7 16. a4 Rc8 17. Re1 Rc6 18. Rb1 Qc7 19. g3 Kc8 20. b3 cxb3 21. c4 dxc4 22. Bxc6 Qxc6+ 23. Qf3 c3 24. Ne4 Nxe4 25. Rxe4 b2 26. d5 exd5 27. Rd4 Rf8 28. Rf4 Bxf4 29. gxf4 Bf5 0-1